Central Library OPAC University of Rajshahi

Cellular and molecular immunology / (Record no. 81563)

MARC details
000 -LEADER
fixed length control field 01530nam a2200433 i 4500
001 - CONTROL NUMBER
control field 81563
003 - CONTROL NUMBER IDENTIFIER
rucl marc code BD-RjUL
005 - DATE AND TIME OF LATEST TRANSACTION
control field 20230712110730.0
008 - FIXED-LENGTH DATA ELEMENTS--GENERAL INFORMATION
fixed length control field 210511t20212022paua b 001 0 eng u
020 ## - INTERNATIONAL STANDARD BOOK NUMBER
International Standard Book Number 9788131264577
035 ## - SYSTEM CONTROL NUMBER
System control number (NhCcYBP)17113640
System control number (BD-RjUL)81563
040 ## - CATALOGING SOURCE
Original cataloging agency NhCcYBP
Language of cataloging eng
Description conventions rda
Transcribing agency NhCcYBP
Modifying agency UkOxU
-- BD-RjUL
041 ## - LANGUAGE CODE
Language code of text/sound track or separate title eng
082 ## - DEWEY DECIMAL CLASSIFICATION NUMBER
Edition number 23
Classification number 616.079
Author mark and year ABC 2022
100 1# - MAIN ENTRY--PERSONAL NAME
Personal name Abbas, Abul K.,
Relator term author.
9 (RLIN) 7992
245 10 - TITLE STATEMENT
Title Cellular and molecular immunology /
Statement of responsibility, etc. Abul K. Abbas, MBBS, Andrew H. Lichtman, MD, PhD, Shiv Pillai, MBBS, PhD ; illustrations by David L. Baker, MA.
250 ## - EDITION STATEMENT
Edition statement Tenth edition
Edition statement South Asia Edition
264 #1 - PRODUCTION, PUBLICATION, DISTRIBUTION, MANUFACTURE, AND COPYRIGHT NOTICE
Place of production, publication, distribution, manufacture Philadelphia, Pennsylvania :
Name of producer, publisher, distributor, manufacturer Elsevier,
Date of production, publication, distribution, manufacture, or copyright notice 2021.
Date of production, publication, distribution, manufacture, or copyright notice ©2022
300 ## - PHYSICAL DESCRIPTION
Pagination xii, 587 pages :
Illustrations illustrations (colour) ;
Size 28 cm
336 ## - CONTENT TYPE
Content type term text
Source rdacontent
337 ## - MEDIA TYPE
Media type term unmediated
Source rdamedia
338 ## - CARRIER TYPE
Carrier type term volume
Source rdacarrier
500 ## - GENERAL NOTE
General note Publication date from publisher's website.
General note Previous edition: 2018.
504 ## - BIBLIOGRAPHY, ETC. NOTE
Bibliography, etc Includes bibliographical references and index.
650 #0 - SUBJECT ADDED ENTRY--TOPICAL TERM
Topical term or geographic name as entry element Cellular immunity.
9 (RLIN) 7993
Topical term or geographic name as entry element Immunity, Cellular.
9 (RLIN) 7994
Topical term or geographic name as entry element Antibody Formation
General subdivision immunology.
9 (RLIN) 7995
Topical term or geographic name as entry element Antigens
General subdivision immunology.
9 (RLIN) 7996
Topical term or geographic name as entry element Lymphocytes
General subdivision immunology.
9 (RLIN) 7997
Topical term or geographic name as entry element Molecular immunology.
9 (RLIN) 7998
700 1# - ADDED ENTRY--PERSONAL NAME
Personal name Lichtman, Andrew H.,
Relator term author.
Personal name Pillai, Shiv,
Relator term author.
Personal name Baker, David L.
Relator term illustrator.
942 ## - ADDED ENTRY ELEMENTS (KOHA)
Source of classification or shelving scheme Dewey Decimal Classification
Koha item type Books
Holdings
Lost status Source of classification or shelving scheme Damaged status Not for loan Collection code Permanent Location Current Location Shelving location Date acquired Source of acquisition Cost, normal purchase price Total Checkouts Full call number Date last seen Copy number Koha item type
  Dewey Decimal Classification   Not For Loan Non-fiction Central Library, University of Rajshahi Central Library, University of Rajshahi Reading Room 07/05/2023 Dhaka : Book Finder 3805.76   616.079 ABC 2022 12/07/2023 C-1 Books
  Dewey Decimal Classification     Non-fiction Central Library, University of Rajshahi Central Library, University of Rajshahi General Stacks 07/05/2023 Dhaka : Book Finder 3805.76   616.079 ABC 2022 12/07/2023 C-2 Books